000 00475nam a22001697a 4500
005 20151002102248.0
008 150604b xxu||||| |||| 00| 0 eng d
020 0 _a0882897616
041 0 _aeng
080 _a323.14
100 _aGrissom, Michael Andrew.
245 _aSouthern by the grace of God /
_cMichael Andrew Grissom.
260 _aGretna, La. :
_bPelican Pub. Co.,
_c1989.
300 _aviii, 572 f. :
_bme il.;
_c24 cm.
700 1 0 _aMichel Grissom
942 _2udc
_cBK
999 _c993
_d993